[Event "Frankfurt Ch 2008"]
[Site "Ffm-Kalbach, LAZ"]
[Date "2008.05.26"]
[Round "4.31"]
[White "Gauf, Wolfgang"]
[Black "Diaz, Joaquin"]
[Result "0-1"]
[WhiteElo "1758"]
[BlackElo "2163"]
[PlyCount "40"]
[EventDate "2008.??.??"]

1. d4 d5 2. c4 c6 3. Nf3 Nf6 4. Nc3 e6 5. e3 Nbd7 6. Bd3 Bd6 7. O-O O-O 8. e4
dxe4 9. Nxe4 Nxe4 10. Bxe4 c5 11. dxc5 Nxc5 12. Bxh7+ Kxh7 13. Ng5+ Kg6 14. h4
Rh8 15. b4 Be5 16. Qc2+ Qd3 17. Qxd3+ Nxd3 18. Rb1 Nxc1 19. Rfxc1 Rxh4 20. Nf3
Re4 0-1

[Event "Frankfurt Ch 2008"]
[Site "Ffm-Kalbach, LAZ"]
[Date "2008.05.26"]
[Round "4.32"]
[White "Bischoff, Ulrich"]
[Black "Förster, Rudi"]
[Result "1-0"]
[WhiteElo "2101"]
[BlackElo "1914"]
[PlyCount "73"]
[EventDate "2008.??.??"]

1. d4 d5 2. c4 Nc6 3. cxd5 Qxd5 4. Nf3 e5 5. Nc3 Bb4 6. Bd2 Bxc3 7. Bxc3 e4 8.
Ne5 Be6 9. Nxc6 Qxc6 10. d5 Bxd5 11. Bxg7 O-O-O 12. Bxh8 e3 13. Qc1 exf2+ 14.
Kxf2 Qe6 15. Qc3 Nh6 16. h3 f6 17. Bg7 Nf5 18. Bxf6 Rf8 19. Bg5 Nd4+ 20. Ke1
Bxg2 21. Qxd4 Bxh1 22. Qg4 Rf5 23. Rd1 b6 24. Bg2 Bxg2 25. Qxg2 Rf8 26. Qg4 Rf5
27. Rd8+ Kb7 28. Rf8 Qxa2 29. Qxf5 Qxb2 30. Qc8+ Kc6 31. Rf6+ Kb5 32. Qd7+ Ka6
33. Qxc7 Qa1+ 34. Qc1 Qd4 35. Qa3+ Kb7 36. Rf7+ Kc6 37. Qf3+ 1-0

[Event "Frankfurt Ch 2008"]
[Site "Ffm-Kalbach, LAZ"]
[Date "2008.05.26"]
[Round "4.33"]
[White "Czikuß, Hans-Joachim"]
[Black "Barisch, Florian"]
[Result "1/2-1/2"]
[WhiteElo "1951"]
[BlackElo "1713"]
[PlyCount "69"]
[EventDate "2008.??.??"]

1. Nf3 d5 2. c4 e6 3. g3 f5 4. Bg2 Nf6 5. O-O Bd6 6. d3 O-O 7. Nc3 c6 8. e4 d4
9. Nxd4 Bxg3 10. hxg3 Qxd4 11. Be3 Qd6 12. c5 Qc7 13. exf5 exf5 14. Bf4 Qd8 15.
Re1 Re8 16. Qb3+ Kh8 17. Bd6 Na6 18. Qf7 Qd7 19. Qxd7 Rxe1+ 20. Rxe1 Bxd7 21.
a3 Re8 22. Rxe8+ Nxe8 23. Be7 Nac7 24. d4 Be6 25. b4 Bc4 26. Bh3 g6 27. g4 Bd3
28. gxf5 gxf5 29. Bg2 Bc4 30. Kh2 Kg7 31. Bg5 Nf6 32. Kg3 Nfd5 33. Nxd5 Nxd5
34. Bxd5 Bxd5 35. Kf4 1/2-1/2

[Event "Frankfurt Ch 2008"]
[Site "Ffm-Kalbach, LAZ"]
[Date "2008.05.26"]
[Round "4.34"]
[White "Gutacker, Stephan"]
[Black "Lietzau, Olaf"]
[Result "1-0"]
[WhiteElo "1985"]
[BlackElo "1652"]
[PlyCount "77"]
[EventDate "2008.??.??"]

1. e4 d6 2. d4 Nf6 3. Nc3 g6 4. Bg5 Bg7 5. e5 Ng8 6. Nf3 d5 7. Be2 f6 8. exf6
Nxf6 9. Qd2 Nc6 10. O-O-O h6 11. Bf4 Bf5 12. h3 Nb4 13. Ne1 h5 14. a3 Nc6 15.
f3 a6 16. Qe3 Qd7 17. Nd3 h4 18. Nc5 Qc8 19. Bg5 b6 20. Bxf6 Bxf6 21. Nxd5 Bxd4
22. Rxd4 bxc5 23. Ra4 Kf7 24. Qxc5 Qd7 25. Rd1 Qd6 26. Qc3 e5 27. Ne3 Nd4 28.
Bf1 Rhd8 29. Rd2 Be6 30. f4 c5 31. fxe5 Qxe5 32. Rf2+ Kg8 33. Bc4 Re8 34. Ng4
Qg5+ 35. Kb1 Re7 36. Ra5 Rc8 37. Qxd4 Bxc4 38. Qxc4+ Kh8 39. Qc3+ 1-0

[Event "Frankfurt Ch 2008"]
[Site "Ffm-Kalbach, LAZ"]
[Date "2008.05.26"]
[Round "4.36"]
[White "Winter, Olaf"]
[Black "Enders, Georg"]
[Result "1/2-1/2"]
[WhiteElo "1616"]
[BlackElo "2042"]
[PlyCount "51"]
[EventDate "2008.??.??"]

1. c4 Nf6 2. Nc3 e5 3. g3 Bb4 4. Bg2 O-O 5. e3 c6 6. Nge2 Re8 7. O-O d6 8. a3
Bxc3 9. Nxc3 Bg4 10. f3 Be6 11. b3 d5 12. cxd5 cxd5 13. d4 exd4 14. exd4 Nc6
15. Be3 Rc8 16. Na4 b6 17. b4 Qd7 18. Bg5 Qe7 19. g4 h6 20. Bh4 g5 21. Bf2 Qd7
22. Qd2 Ne7 23. Nb2 Ng6 24. Nd3 Qe7 25. Rfe1 Qd8 26. h3 1/2-1/2

[Event "Frankfurt Ch 2008"]
[Site "Ffm-Kalbach, LAZ"]
[Date "2008.05.26"]
[Round "4.37"]
[White "Schreyer, Alois"]
[Black "Schwabe, Michael"]
[Result "1/2-1/2"]
[WhiteElo "2113"]
[BlackElo "1647"]
[PlyCount "85"]
[EventDate "2008.??.??"]

1. e4 c6 2. d4 d5 3. f3 e6 4. Bd3 dxe4 5. Bxe4 Nf6 6. Nc3 Be7 7. Be3 O-O 8.
Nge2 Nbd7 9. O-O Nd5 10. Nxd5 exd5 11. Bd3 Re8 12. Qd2 Bd6 13. Rae1 Qh4 14. Ng3
Qd8 15. Nf5 Bf8 16. Bg5 f6 17. Rxe8 Qxe8 18. Re1 Qf7 19. Bf4 Nb6 20. Qe2 Bd7
21. Nd6 Bxd6 22. Bxd6 Re8 23. Qf2 Rxe1+ 24. Qxe1 Qe6 25. Qxe6+ Bxe6 26. Bc5 Nc8
27. Kf2 Kf7 28. b3 b6 29. Bb4 g6 30. a4 Ne7 31. g4 f5 32. Kg3 fxg4 33. fxg4 Kf6
34. Bd6 Bd7 35. Ba6 Be6 36. h4 Nc8 37. Bb8 h5 38. gxh5 gxh5 39. Be5+ Kg6 40.
Bb8 Ne7 41. Kf4 Bf5 42. Bd6 Ng8 43. Bb8 1/2-1/2

[Event "Frankfurt Ch 2008"]
[Site "Ffm-Kalbach, LAZ"]
[Date "2008.05.26"]
[Round "4.38"]
[White "Bittner, Peter"]
[Black "Matthis, Peter"]
[Result "0-1"]
[WhiteElo "1966"]
[BlackElo "1775"]
[PlyCount "106"]
[EventDate "2008.??.??"]

1. e4 c6 2. d4 d5 3. Nd2 dxe4 4. Nxe4 Bf5 5. Ng3 Bg6 6. Nf3 Nd7 7. Bd3 Bxd3 8.
Qxd3 e6 9. O-O Ngf6 10. Re1 Be7 11. Bd2 O-O 12. c4 b5 13. b3 a6 14. Qc2 Rc8 15.
c5 Nd5 16. b4 N7f6 17. a4 Qc7 18. axb5 axb5 19. Ra5 Ra8 20. Rea1 Qb7 21. Qa2
Rxa5 22. Qxa5 Nd7 23. Ne2 f6 24. Nf4 Kf7 25. Nxd5 exd5 26. Bf4 Rc8 27. Qa7 Qxa7
28. Rxa7 Ke6 29. Nd2 g5 30. Bg3 f5 31. Be5 Nxe5 32. dxe5 h5 33. Nb3 Bd8 34. Na5
Kxe5 35. Nb7 d4 36. Kf1 Kd5 37. Nd6 Rc7 38. Ra8 Be7 39. Nxf5 Kc4 40. Ra1 d3 41.
Rb1 Kc3 42. Ne3 Ra7 43. Ke1 Ra2 44. g3 Bf6 45. Rd1 Bd4 46. Nf5 Bxf2+ 47. Kf1
Kc2 48. Rxd3 Kxd3 49. Ne7 Ke3 50. Nxc6 Ke4 51. Kg2 Bxc5+ 52. Kh3 Bg1 53. g4 h4
0-1

[Event "Frankfurt Ch 2008"]
[Site "Ffm-Kalbach, LAZ"]
[Date "2008.05.26"]
[Round "4.39"]
[White "Klyszcz, Michael"]
[Black "Moranda, Katarzyna"]
[Result "0-1"]
[WhiteElo "2038"]
[BlackElo "1858"]
[PlyCount "68"]
[EventDate "2008.??.??"]

1. Nf3 d5 2. b3 c5 3. Bb2 Nf6 4. e3 Nc6 5. d4 e6 6. c4 Be7 7. Nbd2 O-O 8. Bd3
b6 9. O-O Bb7 10. dxc5 Bxc5 11. a3 Qe7 12. b4 Bd6 13. cxd5 Nxd5 14. Nc4 Bc7 15.
b5 Na5 16. Nxa5 bxa5 17. Qa4 Rfd8 18. Qc2 h6 19. Nd4 Qd6 20. g3 Ne7 21. Rfd1
Qb6 22. Rac1 Rac8 23. Qe2 e5 24. Nf5 Nxf5 25. Bxf5 Rxd1+ 26. Rxd1 Re8 27. Qc4
Bf3 28. Rd7 Qf6 29. e4 Bb6 30. a4 g6 31. Bh3 Bg4 32. Rxf7 Bxf2+ 33. Kg2 Bxh3+
34. Kxh3 Qxf7 0-1

[Event "Frankfurt Ch 2008"]
[Site "Ffm-Kalbach, LAZ"]
[Date "2008.05.26"]
[Round "4.40"]
[White "Kolker, Vladislav"]
[Black "Gottlieb, Herbert"]
[Result "1-0"]
[WhiteElo "2091"]
[BlackElo "1658"]
[PlyCount "41"]
[EventDate "2008.??.??"]

1. e4 d5 2. exd5 Nf6 3. c4 e6 4. dxe6 Bxe6 5. d4 Bb4+ 6. Bd2 Qe7 7. Bxb4 Qxb4+
8. Qd2 Nc6 9. d5 O-O-O 10. Nc3 Bxd5 11. cxd5 Rhe8+ 12. Be2 Nd4 13. O-O-O c5 14.
Nf3 Nxe2+ 15. Nxe2 Qc4+ 16. Nc3 Rxd5 17. Qc2 Qf4+ 18. Kb1 Rxd1+ 19. Rxd1 Qg4
20. Ne1 Qb4 21. Nd3 1-0

[Event "Frankfurt Ch 2008"]
[Site "Ffm-Kalbach, LAZ"]
[Date "2008.05.26"]
[Round "4.41"]
[White "Fernandez-Egea, Andr"]
[Black "Ebertz, Michael"]
[Result "1-0"]
[WhiteElo "2051"]
[BlackElo "1622"]
[PlyCount "113"]
[EventDate "2008.??.??"]

1. e4 c5 2. Nf3 Nc6 3. d4 cxd4 4. Nxd4 Nf6 5. Nc3 e5 6. Ndb5 d6 7. Bg5 a6 8.
Na3 b5 9. Nd5 Be7 10. Nxe7 Nxe7 11. Bxf6 gxf6 12. c3 d5 13. Bd3 f5 14. exd5 e4
15. Bc2 Nxd5 16. Qd4 O-O 17. Bb3 Be6 18. Rd1 Nf4 19. Bxe6 Nxe6 20. Qe5 Qg5 21.
Qg3 Rad8 22. Qxg5+ Nxg5 23. Ke2 f4 24. Nc2 Ne6 25. Nd4 Nxd4+ 26. Rxd4 Rxd4 27.
cxd4 Rc8 28. Rd1 f5 29. Rd2 Kf7 30. g3 f3+ 31. Ke3 Ke6 32. Kf4 Kd5 33. b3 Rc3
34. Kxf5 Rd3 35. Rc2 Kxd4 36. Kf4 Rd1 37. Rc7 Kd3 38. Rd7+ Ke2 39. Rxd1 Kxd1
40. Ke3 Kc2 41. Kxe4 Kb2 42. Kd4 Kc2 43. Ke3 Kb2 44. Kxf3 Kxa2 45. Ke4 Kxb3 46.
f4 Kc4 47. f5 b4 48. Ke3 Kc3 49. f6 b3 50. f7 b2 51. f8=Q b1=Q 52. Qc8+ Kb2 53.
Qb7+ Kc2 54. Qxh7+ Kb2 55. Qxb1+ Kxb1 56. Kd3 Kb2 57. Kc4 1-0

[Event "Frankfurt Ch 2008"]
[Site "Ffm-Kalbach, LAZ"]
[Date "2008.05.26"]
[Round "4.42"]
[White "Mussler, Thomas"]
[Black "Smith-Meyer, Geir"]
[Result "1-0"]
[WhiteElo "2168"]
[BlackElo "1610"]
[PlyCount "117"]
[EventDate "2008.??.??"]

1. d4 Nf6 2. Nf3 g6 3. c4 c5 4. d5 b5 5. cxb5 a6 6. b6 Qxb6 7. Na3 Bb7 8. e4
Qb4+ 9. Nd2 Bg7 10. Nac4 O-O 11. a3 Qb5 12. Nd6 Qb6 13. Nxb7 Qxb7 14. Bd3 d6
15. O-O Nbd7 16. Nc4 Ne8 17. Rb1 Ne5 18. Nxe5 Bxe5 19. b4 cxb4 20. Rxb4 Qd7 21.
Rb6 Nc7 22. Qe2 Bd4 23. Rc6 Rfb8 24. Qc2 Nb5 25. a4 Na7 26. Rc7 Qd8 27. Bxa6
Bc5 28. Rb7 Rxb7 29. Bxb7 Rb8 30. Ba6 Qb6 31. Bd3 Bd4 32. Bg5 Rc8 33. Qb1 Qxb1
34. Rxb1 f6 35. Bd2 Kf7 36. Kf1 Rc7 37. Ke2 e6 38. dxe6+ Kxe6 39. f3 h5 40. a5
g5 41. a6 Kd7 42. h4 gxh4 43. Rh1 Rc5 44. Rxh4 Re5 45. f4 Re7 46. Rxh5 Rg7 47.
Kf3 Kc6 48. g4 Kb6 49. g5 Nc6 50. gxf6 Bxf6 51. Be3+ Nd4+ 52. Bxd4+ Bxd4 53.
Rb5+ Kc6 54. Rb1 Bb6 55. Bc4 Bd4 56. Bd5+ Kc7 57. Rb7+ Kc8 58. Rxg7 Bxg7 59. a7
1-0

[Event "Frankfurt Ch 2008"]
[Site "Ffm-Kalbach, LAZ"]
[Date "2008.05.26"]
[Round "4.43"]
[White "Bender, Manfred"]
[Black "Thole, Markus"]
[Result "1/2-1/2"]
[WhiteElo "1821"]
[BlackElo "1749"]
[PlyCount "72"]
[EventDate "2008.??.??"]

1. d4 e6 2. c4 Nf6 3. Nc3 Bb4 4. Bd2 c5 5. e3 O-O 6. Nf3 cxd4 7. exd4 b6 8. a3
Be7 9. Be2 d5 10. cxd5 Nxd5 11. Rc1 Bb7 12. O-O Nd7 13. Be3 Rc8 14. Qd2 N7f6
15. Nxd5 Qxd5 16. Rxc8 Rxc8 17. Rc1 Rxc1+ 18. Qxc1 Bd6 19. Ne1 Qc6 20. Qxc6
Bxc6 21. f3 Nd5 22. Bf2 Bf4 23. g3 Bd2 24. f4 Ne3 25. Bf3 Bb5 26. b3 Bxe1 27.
Bxe3 Bc3 28. Kf2 Kf8 29. Be2 Bxe2 30. Kxe2 Bb2 31. a4 Ke7 32. Kd3 Kd6 33. Kc4
a6 34. b4 Ba1 35. b5 a5 36. Bc1 g6 1/2-1/2

[Event "Frankfurt Ch 2008"]
[Site "Ffm-Kalbach, LAZ"]
[Date "2008.05.26"]
[Round "4.44"]
[White "Fröhlich-Dill, Astrid"]
[Black "Kletzerman, Simon"]
[Result "1-0"]
[WhiteElo "1997"]
[BlackElo "1592"]
[PlyCount "120"]
[EventDate "2008.??.??"]

1. d4 Nf6 2. c4 e6 3. Nc3 Bb4 4. Bg5 h6 5. Bxf6 Qxf6 6. e4 Qg6 7. Qf3 Bxc3+ 8.
bxc3 O-O 9. Bd3 e5 10. c5 exd4 11. cxd4 Nc6 12. Ne2 d6 13. e5 f5 14. exf6 Qxf6
15. Qxf6 Rxf6 16. Be4 Ne7 17. Rb1 d5 18. Bf3 b6 19. Nc3 c6 20. cxb6 Re6+ 21.
Kd2 Bb7 22. bxa7 Rxa7 23. Rb2 Nf5 24. Bg4 Rf6 25. Bxf5 Rxf5 26. f3 Ba6 27. Re1
Kf7 28. a4 Rf6 29. Rb4 Bc4 30. Re3 g5 31. g3 c5 32. dxc5 d4 33. Rxc4 dxe3+ 34.
Kxe3 Re6+ 35. Kd4 Rd7+ 36. Nd5 Re2 37. c6 Rd2+ 38. Kc3 R7xd5 39. c7 Rd8 40.
cxd8=Q Rxd8 41. h4 Rd1 42. hxg5 hxg5 43. Kb4 Rg1 44. g4 Rb1+ 45. Ka5 Rb3 46.
Rc5 Rxf3 47. Rxg5 Rb3 48. Rb5 Rg3 49. Rb4 Ke6 50. Kb6 Rd3 51. Rc4 Rb3+ 52. Kc6
Rd3 53. a5 Rd6+ 54. Kb7 Kd7 55. a6 Rd1 56. Rb4 Rc1 57. a7 Rc7+ 58. Ka6 Rc1 59.
Rb5 Rc8 60. Rd5+ Kc6 1-0

[Event "Frankfurt Ch 2008"]
[Site "Ffm-Kalbach, LAZ"]
[Date "2008.05.26"]
[Round "4.45"]
[White "Sallwey, Rainer"]
[Black "Sarközy, Benjamin"]
[Result "0-1"]
[WhiteElo "1568"]
[BlackElo "1787"]
[PlyCount "56"]
[EventDate "2008.??.??"]

1. d4 Nf6 2. Nf3 c5 3. e3 e6 4. Bd3 d5 5. c3 Nc6 6. Nbd2 Qc7 7. Qe2 Bd6 8. e4
cxd4 9. cxd4 dxe4 10. Nxe4 Be7 11. O-O O-O 12. Bd2 Qb6 13. Bc3 Nd5 14. Rac1 Bd7
15. Bb1 Rfd8 16. Rfd1 Rac8 17. a3 Na5 18. b4 Bb5 19. Qc2 Nc4 20. Nc5 g6 21. a4
Na3 22. Qb2 Nxb1 23. Qxb1 Be2 24. Re1 Bxf3 25. gxf3 Nxc3 26. Rxc3 Rxd4 27. Rb3
Rcd8 28. Kg2 R8d5 0-1

[Event "Frankfurt Ch 2008"]
[Site "Ffm-Kalbach, LAZ"]
[Date "2008.05.26"]
[Round "4.46"]
[White "Genis, Roy"]
[Black "Kronenburg, Thorsten"]
[Result "1/2-1/2"]
[WhiteElo "1917"]
[BlackElo "1564"]
[PlyCount "63"]
[EventDate "2008.??.??"]

1. e4 d6 2. d4 g6 3. Nc3 Bg7 4. f4 Nf6 5. Nf3 O-O 6. e5 dxe5 7. fxe5 Nfd7 8.
Bd3 c5 9. e6 fxe6 10. Ng5 Qb6 11. Qe2 Nf6 12. dxc5 Qxc5 13. Nxe6 Bxe6 14. Qxe6+
Kh8 15. Be3 Qb4 16. Qb3 Qxb3 17. axb3 Nc6 18. O-O e5 19. Nb5 e4 20. Bc4 Ng4 21.
Bc5 Rxf1+ 22. Rxf1 Bxb2 23. Rf4 Nf6 24. c3 a6 25. Rxf6 axb5 26. Bxb5 Bxc3 27.
Re6 Nd4 28. Bxd4+ Bxd4+ 29. Kf1 e3 30. Ke2 Ra2+ 31. Kf3 b6 32. Re4 1/2-1/2

[Event "Frankfurt Ch 2008"]
[Site "Ffm-Kalbach, LAZ"]
[Date "2008.05.26"]
[Round "4.47"]
[White "Winand, Edgar"]
[Black "Tramnitz, Christian"]
[Result "1-0"]
[WhiteElo "1778"]
[BlackElo "1529"]
[PlyCount "73"]
[EventDate "2008.??.??"]

1. g4 e5 2. d3 Bc5 3. Bg2 d5 4. h3 c6 5. Nc3 Qb6 6. e3 Bb4 7. a3 Bxc3+ 8. bxc3
Be6 9. Nf3 Nd7 10. a4 Ne7 11. a5 Qc7 12. Ba3 c5 13. Bb2 Nc6 14. a6 bxa6 15.
Rxa6 Qb7 16. Qa1 Rb8 17. Bc1 Nb6 18. O-O f6 19. Nd2 Qc8 20. Nb3 Ne7 21. Rxa7 h5
22. Nxc5 hxg4 23. Ba3 Nc6 24. Rxg7 gxh3 25. Bf3 Rg8 26. Nxe6 Qxe6 27. Rxg8+
Qxg8+ 28. Kh2 Kd7 29. Rg1 Qh7 30. Rg3 Rh8 31. Qg1 Kc8 32. Bd6 Qd7 33. Bc5 Na4
34. Rg7 Qe6 35. e4 Nxc5 36. Bg4 Nd4 37. cxd4 1-0

[Event "Frankfurt Ch 2008"]
[Site "Ffm-Kalbach, LAZ"]
[Date "2008.05.26"]
[Round "4.48"]
[White "Bastian, Holger"]
[Black "Scheerer, Michael"]
[Result "1-0"]
[WhiteElo "1775"]
[BlackElo "1435"]
[PlyCount "73"]
[EventDate "2008.??.??"]

1. e4 e6 2. d3 d5 3. Nd2 c5 4. g3 Nc6 5. Bg2 Nf6 6. Ngf3 dxe4 7. dxe4 Bd6 8.
O-O O-O 9. Re1 Qc7 10. a4 b6 11. c3 Bb7 12. Qc2 Nd7 13. Nc4 Nde5 14. Nfxe5 Nxe5
15. Nxd6 Qxd6 16. Bf4 f6 17. Qb3 Qe7 18. Red1 Nf7 19. a5 bxa5 20. Rxa5 Kh8 21.
Be3 Rfc8 22. Qb5 a6 23. Qd7 Rc7 24. Qxe7 Rxe7 25. Bxc5 Rc7 26. b4 Rd8 27. Rxd8+
Nxd8 28. Kf1 e5 29. Bb6 Rd7 30. Bxd8 Rxd8 31. Rc5 Rc8 32. Rxc8+ Bxc8 33. Ke2
Kg8 34. Kd3 Kf7 35. Kc4 Bb7 36. Kc5 f5 37. Kb6 1-0

[Event "Frankfurt Ch 2008"]
[Site "Ffm-Kalbach, LAZ"]
[Date "2008.05.26"]
[Round "4.49"]
[White "Benikhis, Avram"]
[Black "Mühlbach, Christian"]
[Result "1/2-1/2"]
[WhiteElo "1774"]
[BlackElo "1474"]
[PlyCount "61"]
[EventDate "2008.??.??"]

1. e4 e6 2. d4 d5 3. Nd2 dxe4 4. Nxe4 Bd7 5. Nf3 Bc6 6. Ned2 Nf6 7. c3 Be7 8.
Ne5 O-O 9. Nxc6 Nxc6 10. Be2 Re8 11. O-O e5 12. dxe5 Nxe5 13. Nf3 Ng6 14. Qb3
Rb8 15. Bc4 Rf8 16. Ng5 Qe8 17. Re1 b5 18. Bd3 Qd7 19. Bxg6 hxg6 20. Nf3 Bd6
21. Be3 a6 22. Rad1 Qf5 23. Nd4 Qh5 24. h3 Rbe8 25. Nf3 Qf5 26. a4 Re4 27. Nd4
Qe5 28. Nf3 Qf5 29. axb5 Qxb5 30. Qxb5 axb5 31. Nd4 1/2-1/2

[Event "Frankfurt Ch 2008"]
[Site "Ffm-Kalbach, LAZ"]
[Date "2008.05.26"]
[Round "4.50"]
[White "Grunenberg, Sven"]
[Black "Plattner, Rolf"]
[Result "0-1"]
[WhiteElo "1542"]
[BlackElo "1922"]
[PlyCount "106"]
[EventDate "2008.??.??"]

1. d4 Nf6 2. Nd2 d5 3. g3 g6 4. Bg2 Bg7 5. c3 O-O 6. Ngf3 Re8 7. O-O Bg4 8. Re1
c6 9. Ne5 Be6 10. Ndf3 Ne4 11. Nd3 Qb6 12. Ng5 Nxg5 13. Bxg5 h6 14. Bd2 Bf5 15.
e4 dxe4 16. Bxe4 Bxe4 17. Rxe4 Nd7 18. Qe1 e6 19. Rb1 Qb5 20. Ne5 Nxe5 21. dxe5
Rad8 22. c4 Qa4 23. a3 b6 24. Bc3 c5 25. Qf1 Rd7 26. Ree1 Red8 27. Qe2 h5 28.
h4 Bh6 29. f4 a6 30. Rf1 Rd3 31. Kh2 Qxc4 32. Rbe1 Qd5 33. Qe4 Bf8 34. Qxd5
R8xd5 35. Re2 Be7 36. Rff2 Kf8 37. Kg2 Ke8 38. Rd2 Rxd2 39. Rxd2 Rxd2+ 40. Bxd2
Kd7 41. Kf3 Kc6 42. g4 hxg4+ 43. Kxg4 Kd5 44. h5 gxh5+ 45. Kxh5 f6 46. Bc3 fxe5
47. Bxe5 Bd6 48. Bxd6 Kxd6 49. Kg5 Kd5 50. Kf6 c4 51. Ke7 b5 52. Kd7 a5 53. Kc7
b4 0-1

[Event "Frankfurt Ch 2008"]
[Site "Ffm-Kalbach, LAZ"]
[Date "2008.05.26"]
[Round "4.51"]
[White "Mahnke, Ralf"]
[Black "Lopez-Fuertes, Victor"]
[Result "1-0"]
[WhiteElo "1751"]
[BlackElo "1411"]
[PlyCount "57"]
[EventDate "2008.??.??"]

1. d4 d5 2. c4 e6 3. Nc3 Nf6 4. Bg5 Be7 5. e3 c6 6. Nf3 Nbd7 7. Rc1 dxc4 8.
Bxc4 Nb6 9. Bd3 Nfd7 10. Bf4 Nd5 11. Nxd5 exd5 12. O-O O-O 13. h3 Nf6 14. Bb1
g6 15. Ne5 Nh5 16. Bh6 Bg5 17. Bxf8 Kxf8 18. Qf3 Bf6 19. Ng4 Bxg4 20. Qxg4 Qd6
21. a3 Re8 22. b4 a5 23. bxa5 Qxa3 24. Rc2 Qxa5 25. Qd7 Re7 26. Qc8+ Kg7 27.
Rb2 Rc7 28. Qb8 b5 29. Ra2 1-0

[Event "Frankfurt Ch 2008"]
[Site "Ffm-Kalbach, LAZ"]
[Date "2008.05.26"]
[Round "4.52"]
[White "Arnold, Michael"]
[Black "Lehmann, Gerit"]
[Result "1-0"]
[WhiteElo "1733"]
[BlackElo "1427"]
[PlyCount "35"]
[EventDate "2008.??.??"]

1. e4 e5 2. Nf3 Nc6 3. Bc4 Bc5 4. O-O d6 5. h3 Nf6 6. Re1 O-O 7. c3 h6 8. d4
exd4 9. cxd4 Bb6 10. Nc3 a6 11. Bf4 Re8 12. Qd2 Ba5 13. Bd3 Kh7 14. e5+ Kg8 15.
exf6 Rxe1+ 16. Rxe1 Bxc3 17. bxc3 g5 18. Bxg5 1-0

[Event "Frankfurt Ch 2008"]
[Site "Ffm-Kalbach, LAZ"]
[Date "2008.05.26"]
[Round "4.53"]
[White "Bauer, Timo"]
[Black "Bauer, Alfred"]
[Result "1-0"]
[WhiteElo "1730"]
[BlackElo "1400"]
[PlyCount "76"]
[EventDate "2008.??.??"]

1. d4 d5 2. Nf3 e6 3. c4 Nf6 4. Bg5 c6 5. e3 Nbd7 6. Nc3 Qa5 7. Bxf6 Nxf6 8.
Bd3 Bb4 9. Qc2 Ne4 10. O-O Nxc3 11. a3 dxc4 12. Bxc4 Nd5 13. axb4 Qxb4 14. Ra3
O-O 15. e4 Nb6 16. Rb3 Qe7 17. Bd3 Bd7 18. Ra1 Rfc8 19. Qc5 Kf8 20. Qh5 h6 21.
h4 c5 22. dxc5 Rxc5 23. Ne5 Ke8 24. Rxb6 axb6 25. Rxa8+ Bc8 26. Bb5+ Kd8 27.
Qd1+ Kc7 28. b4 Rxb5 29. Qc1+ Kd6 30. Qf4 Rxe5 31. Rxc8 f6 32. Qd2+ Rd5 33.
exd5 exd5 34. Rc1 Qe5 35. b5 g5 36. hxg5 hxg5 37. Re1 Qf5 38. Qb4+ Kd7 1-0

[Event "Frankfurt Ch 2008"]
[Site "Ffm-Kalbach, LAZ"]
[Date "2008.05.26"]
[Round "4.54"]
[White "Kannenberg, Carl-Fr"]
[Black "Grohmüller, Robert"]
[Result "1-0"]
[WhiteElo "1959"]
[BlackElo "1350"]
[PlyCount "67"]
[EventDate "2008.??.??"]

1. e4 c5 2. Nf3 e6 3. Nc3 Nc6 4. d4 cxd4 5. Nxd4 Nf6 6. Be2 Bb4 7. f3 Qc7 8.
Ndb5 Qb6 9. a3 Bxc3+ 10. Nxc3 O-O 11. Qd6 Qd4 12. Nb5 Qxd6 13. Nxd6 a6 14. Be3
e5 15. O-O-O Ne8 16. Bb6 Nxd6 17. Rxd6 Ne7 18. Bc4 Kh8 19. g4 Re8 20. h4 h6 21.
h5 f6 22. Kd2 Kh7 23. Ke2 Rf8 24. a4 g6 25. Be3 g5 26. Bb6 Nc6 27. c3 Nd8 28.
Rhd1 Nf7 29. Rxf6 Kg7 30. Rxf7+ Rxf7 31. Bxf7 Kxf7 32. Rd6 Kg7 33. a5 Kh7 34.
Kd3 1-0

[Event "Frankfurt Ch 2008"]
[Site "Ffm-Kalbach, LAZ"]
[Date "2008.05.26"]
[Round "4.55"]
[White "Castillo, Melchor"]
[Black "Schirmer, Karl-Heinz"]
[Result "0-1"]
[WhiteElo "1439"]
[BlackElo "1716"]
[PlyCount "72"]
[EventDate "2008.??.??"]

1. e4 e6 2. d4 d5 3. exd5 exd5 4. Nf3 Nf6 5. Nc3 Bb4 6. Bd2 O-O 7. Be2 c6 8. a3
Bd6 9. O-O Qc7 10. Bg5 Nbd7 11. Bd3 Bf4 12. g3 Bxg5 13. Nxg5 Nb6 14. f4 Nc4 15.
Qc1 Qb6 16. Nf3 Bg4 17. Na4 Qc7 18. b3 Nd6 19. Ne5 Bf5 20. Bxf5 Nxf5 21. c3 Ne4
22. Rf3 f6 23. Nd3 b6 24. Nab2 Qf7 25. Nd1 Qh5 26. Kg2 Qg4 27. N1f2 Nh4+ 28.
Kf1 Qxf3 29. gxh4 Nxf2 30. Nxf2 Rae8 31. Qd2 Re3 32. Kg1 Re2 33. Qxe2 Qxe2 34.
h3 Re8 35. a4 Re3 36. Kg2 Rf3 0-1

[Event "Frankfurt Ch 2008"]
[Site "Ffm-Kalbach, LAZ"]
[Date "2008.05.26"]
[Round "4.56"]
[White "Haftmann, Rainer"]
[Black "Fischer, Ulrich"]
[Result "0-1"]
[WhiteElo "1859"]
[BlackElo "1256"]
[PlyCount "58"]
[EventDate "2008.??.??"]

1. e4 e5 2. Nf3 Nc6 3. Bb5 a6 4. Ba4 Nf6 5. O-O Nxe4 6. d4 b5 7. Bb3 d5 8. dxe5
Be6 9. c3 Bc5 10. Nbd2 O-O 11. Nxe4 dxe4 12. Bxe6 fxe6 13. Qb3 exf3 14. Qxe6+
Kh8 15. Qxc6 fxg2 16. Qxg2 Rxf2 17. Rxf2 Qd1+ 18. Qf1 Bxf2+ 19. Kg2 Qd5+ 20.
Kxf2 Rf8+ 21. Kg1 Rxf1+ 22. Kxf1 Qh1+ 23. Ke2 Qxh2+ 24. Kd3 Qg1 25. Ke4 Kg8 26.
e6 h5 27. b3 h4 28. a4 h3 29. axb5 h2 0-1

[Event "Frankfurt Ch 2008"]
[Site "Ffm-Kalbach, LAZ"]
[Date "2008.05.26"]
[Round "4.59"]
[White "Honert, Stefan"]
[Black "Cammarata, Mattia"]
[Result "0-1"]
[WhiteElo "1289"]
[BlackElo "1691"]
[PlyCount "72"]
[EventDate "2008.??.??"]

1. d4 d5 2. c4 e6 3. Nf3 Nf6 4. Nc3 Be7 5. Bf4 O-O 6. e3 c5 7. dxc5 Bxc5 8. a3
Nc6 9. b4 Nxb4 10. axb4 Bxb4 11. Qb3 a5 12. Nd2 d4 13. Ncb1 Qb6 14. Bd3 Ng4 15.
Ke2 e5 16. Bg5 h6 17. h3 Nxf2 18. Kxf2 hxg5 19. e4 Qh6 20. h4 g4 21. Be2 Bxd2
22. Nxd2 Qxd2 23. Qg3 f5 24. Rhe1 fxe4+ 25. Kg1 Rf4 26. Rad1 Qb2 27. Rb1 Qc2
28. Qb3 Qxb3 29. Rxb3 d3 30. Bxd3 exd3 31. Rxd3 Rxc4 32. Rd8+ Kh7 33. Rxe5 Ra6
34. h5 g3 35. Kf1 Rf6+ 36. Ke2 Bg4+ 0-1

[Event "Frankfurt Ch 2008"]
[Site "Ffm-Kalbach, LAZ"]
[Date "2008.05.26"]
[Round "4.60"]
[White "Kuhn, Luis"]
[Black "Liebert, Monika"]
[Result "1-0"]
[WhiteElo "1759"]
[BlackElo "1042"]
[PlyCount "69"]
[EventDate "2008.??.??"]

1. e4 e5 2. Nf3 Nc6 3. Bb5 d6 4. O-O Bd7 5. c3 Nf6 6. Re1 Be7 7. d4 O-O 8. Nbd2
a6 9. Ba4 b5 10. Bc2 Re8 11. h3 h6 12. Nf1 Nh7 13. Ng3 Bh4 14. Nxh4 Qxh4 15.
dxe5 Nxe5 16. Nf5 Qd8 17. Be3 Be6 18. f4 Nc4 19. Bc1 d5 20. e5 c6 21. b3 Qb6+
22. Kh1 Na5 23. Nd6 Red8 24. f5 Bd7 25. Qh5 Ng5 26. Bxg5 Rf8 27. f6 Qf2 28. Re2
Qg3 29. Bh4 Qf4 30. fxg7 Bxh3 31. gxf8=Q+ Rxf8 32. gxh3 c5 33. Rg1+ Kh8 34.
Bf6+ Qxf6 35. exf6 1-0

[Event "Frankfurt Ch 2008"]
[Site "Ffm-Kalbach, LAZ"]
[Date "2008.05.26"]
[Round "4.61"]
[White "Plötz, Hans-Jürgen"]
[Black "Krüger, Jens"]
[Result "0-1"]
[WhiteElo "1413"]
[BlackElo "1451"]
[PlyCount "50"]
[EventDate "2008.??.??"]

1. d4 Nf6 2. Nf3 g6 3. Bf4 d6 4. e3 Bg7 5. c4 O-O 6. Nc3 c5 7. Rc1 cxd4 8. exd4
b6 9. Be2 Bb7 10. O-O Nbd7 11. d5 Nc5 12. b4 Ncd7 13. Nd4 Qc8 14. Qd2 Ne5 15.
Na4 Neg4 16. h3 Ne4 17. Qd3 Ngxf2 18. Rxf2 Nxf2 19. Kxf2 e5 20. dxe6 fxe6 21.
Bg4 Rxf4+ 22. Ke3 Bxd4+ 23. Kxf4 Qf8+ 24. Kg5 Qf6+ 25. Kh6 Qh4+ 0-1

[Event "Frankfurt Ch 2008"]
[Site "Ffm-Kalbach, LAZ"]
[Date "2008.05.26"]
[Round "4.63"]
[White "Vogelgesang, Marc"]
[Black "Breitbach, Stephan"]
[Result "1-0"]
[WhiteElo "1594"]
[BlackElo "1330"]
[PlyCount "23"]
[EventDate "2008.??.??"]

1. e4 c5 2. Nf3 Nc6 3. d4 cxd4 4. Nxd4 d6 5. c4 Nf6 6. Nc3 Qa5 7. f3 a6 8. Be2
e6 9. O-O Qb6 10. Be3 e5 11. Nc2 Qxb2 12. Na4 1-0